Die 32 beliebtesten ♂ ♀ Vornamen aus Hawaii - Statistiken

Allgemein
  • Dieses Quiz wurde 12 mal gespielt
  • Das Durchschnittsergebnis liegt bei 4 aus 34
Antwortstatistiken
♀ / ♂ Name % Korrekt
Mädchen - - > ⤵️
100%
Jungen - - > ⤵️
100%
M5 Malia
33%
N7 Noelani
33%
K5 Kalea
22%
L7 Leilani
22%
A5 Alani
11%
A5 Anela
11%
K6 Kalama
11%
K5 Kiana
11%
P7 Pualani
11%
U5 Ulani
11%
D6 Dorisa
0%
H4 Hoku
0%
H8 Hokulani
0%
I6 Ikaika
0%
K6 Kanani
0%
K5 Kanoa
0%
K5 Kapua
0%
K5 Keanu
0%
K5 Keiki
0%
K5 Kekoa
0%
K5 Kelii
0%
K5 Keoni
0%
L6 Lulani
0%
M6 Makaio
0%
M6 Makani
0%
M6 Maleko
0%
M4 Maui
0%
M6 Melika
0%
N5 Nalani
0%
O7 Okelani
0%
O6 Oliana
0%
P6 Palila
0%
Keine übereinstimmenden Quizze gefunden
Verteilung der Resultate
Anzahl Personen mit jedem Resultat
Perzentil nach korrekt beantworteten Fragen
Ihre Resultats-Entwicklung
Sie haben dieses Quiz noch nicht gespielt